Visualizzazione normale
Vista MARC
- ARRANGIAMENTO [CASSETTE]
di Topical Term
Records bibliografici associati: 1
001 - CONTROL NUMBER
- control field: 15580
003 - CONTROL NUMBER IDENTIFIER
- control field: IT-RoPau
005 - DATE AND TIME OF LATEST TRANSACTION
- control field: 20140311094212.0
008 - FIXED-LENGTH DATA ELEMENTS
- fixed length control field: 140311|| aca||aabn | a|a d
040 ## - CATALOGING SOURCE
- Original cataloging agency: IT-RoPau
- Transcribing agency: IT-RoPau
150 ## - HEADING--TOPICAL TERM
- Topical term or geographic name entry element: ARRANGIAMENTO [CASSETTE]
- : Codice MATERIA SPICS: 9951
670 ## - SOURCE DATA FOUND
- Source citation: Work cat.: (IT-RoPau)99095: Monti Elvio 1044, Esperimenti (nn 1-6)-Musiche di Mustang